| 000 | 00602pam a2200181 a 4500 | ||
|---|---|---|---|
| 020 | _a052124143X | ||
| 040 | _cDLC | ||
| 082 | 0 | 0 | _a330 CAM 1983 A075 Or. |
| 100 | 1 | _aMaddala, G. S. | |
| 245 | 1 | 0 | _aLimited-dependent and qualitative variables in econometrics / |
| 260 |
_aCambridge [Cambridgeshire] ; _aNew York : _bCambridge University Press, _c1983. |
||
| 300 |
_axi, 401 p. ; _c24 cm. |
||
| 500 | _aIncludes index. | ||
| 650 | 0 | _aEconometrics. | |
| 856 | 4 | 2 | _uhttp://www.loc.gov/catdir/description/cam022/82009554.html |
| 856 | 4 | 1 | _uhttp://www.loc.gov/catdir/toc/cam026/82009554.html |
| 942 | _cEK | ||
| 999 |
_c15313 _d15313 |
||